| Tag |
First Indicator |
Second Indicator |
Subfields |
| LEADER |
00000cam a2200000 a 4500 |
| 001 |
in00001161921 |
| 005 |
20151001084803.0 |
| 008 |
930615s1994 enkab b 001 0 eng |
| 010 |
|
|
|a 93014611
|
| 015 |
|
|
|a GB94-27314
|
| 020 |
|
|
|a 0415083710
|
| 035 |
|
|
|a (OCoLC)28425458
|
| 035 |
|
|
|9 AGF8371AM
|
| 040 |
|
|
|a DLC
|c DLC
|d UKM
|d TXA
|d UtOrBLW
|
| 043 |
|
|
|a aw-----
|a e-gr---
|
| 049 |
|
|
|a TXAM
|
| 050 |
0 |
0 |
|a BL785
|b .P46 1994
|
| 082 |
0 |
0 |
|a 292.1/3
|2 20
|
| 100 |
1 |
|
|a Penglase, Charles,
|d 1956-
|
| 245 |
1 |
0 |
|a Greek myths and Mesopotamia :
|b parallels and influence in the Homeric hymns and Hesiod /
|c Charles Penglase.
|
| 264 |
|
1 |
|a London ;
|a New York :
|b Routledge,
|c 1994.
|
| 300 |
|
|
|a ix, 278 pages :
|b illustrations, maps ;
|c 23 cm.
|
| 336 |
|
|
|a text
|b txt
|2 rdacontent
|
| 337 |
|
|
|a unmediated
|b n
|2 rdamedia
|
| 338 |
|
|
|a volume
|b nc
|2 rdacarrier
|
| 504 |
|
|
|a Includes bibliographical references (pages 251-264) and index.
|
| 650 |
|
0 |
|a Mythology, Greek.
|
| 650 |
|
0 |
|a Mythology, Assyro-Babylonian.
|
| 630 |
0 |
0 |
|a Homeric hymns.
|
| 600 |
0 |
0 |
|a Hesiod.
|t Theogony.
|
| 600 |
0 |
0 |
|a Hesiod.
|t Works and days.
|
| 600 |
0 |
4 |
|a Hesiod.
|t Theogony.
|
| 600 |
0 |
4 |
|a Hesiod.
|t Works and days.
|
| 600 |
0 |
4 |
|a Homer.
|
| 653 |
0 |
|
|a Myths
|
| 653 |
0 |
|
|a Greece
|
| 999 |
|
|
|a MARS
|
| 999 |
f |
f |
|s 5c498c18-966e-3668-8b85-0edca09452e7
|i 6042b75d-3e01-33da-bb67-9dfb436c1bb9
|t 0
|
| 952 |
f |
f |
|p normal
|a Texas A&M University
|b College Station
|c Sterling C. Evans Library
|d Evans: Library Stacks
|t 0
|e BL785 .P46 1994
|h Library of Congress classification
|i unmediated -- volume
|m A14818471563
|
| 998 |
f |
f |
|a BL785 .P46 1994
|t 0
|l Evans: Library Stacks
|